000 00379cam a2200157ua 4500
041 _aeng
_h
082 _a828.09
_bHEN/AP
100 _aHenn, T R .
245 _aApple and the spectroscope /
_cT R Henn.
_hTextual Documents
250 _a1 /
_b.
260 _aLondon :
_bMethuen and Co. Ltd ,
_c1966.
300 _a165 ; .
504 _a
942 _cBK
999 _c7608
_d7608